[Event "AUTO-INT-3906"]
[Site "http://www.queenalice.com/game.php?id=1849296"]
[Date "2024.12.23"]
[Round "1"]
[White "eloy"]
[Black "NickThorp"]
[Result "1/2-1/2"]
[WhiteElo "1711"]
[BlackElo "1541"]

1. e4 e5 2. Nf3 Nc6 3. Bc4 Bc5 4. d3 h6 5. c3 d6 6. h3 Qf6 7. b4 Bb6 8. b5 Na5
9. Na3 Be6 10. Nh4 Qxh4 11. Qf3 Nf6 12. Bxe6 fxe6 13. Be3 Bxe3 14. Qxe3 Qg5 15.
Qxg5 hxg5 16. b6 axb6 17. Nb5 O-O-O 18. O-O c6 19. Na3 Kc7 20. c4 d5 21. cxd5
exd5 22. f3 dxe4 23. dxe4 Rd3 24. Nc2 Nc4 25. a4 Rhd8 26. Nb4 Rd2 27. Na2 Ne3
28. Rf2 Rxf2 29. Kxf2 Nc2 30. Rc1 Nd4 31. g4 c5 32. Nc3 Kc6 33. Kg2 b5 34. a5 b4
35. Na4 Nb3 36. Rb1 Nxa5 37. Rc1 Nb3 38. Rc2 b6 39. Nb2 Nd4 40. Rc1 Kb5 41. Nc4
Ne2 42. Rc2 Nd4 43. Rc1 Ne2 44. Rc2 Nd4 45. Rc1 1/2-1/2

[Event "AUTO-INT-3906"]
[Site "http://www.queenalice.com/game.php?id=1849297"]
[Date "2024.12.23"]
[Round "1"]
[White "NickThorp"]
[Black "eloy"]
[Result "0-1"]
[WhiteElo "1567"]
[BlackElo "1700"]

1. e4 e5 2. Nf3 Nc6 3. Bb5 f6 4. d3 a6 5. Ba4 b5 6. Bb3 d6 7. Bxg8 Rxg8 8. Bd2
Bg4 9. h3 Bxf3 10. Qxf3 Nd4 11. Qd1 g5 12. Qh5+ Kd7 13. Qxh7+ Rg7 14. Qh5 Nxc2+
15. Kd1 Nxa1 16. Na3 d5 17. Ke2 b4 18. Rxa1 bxa3 19. b3 d4 20. Qg4+ Kc6 21. Qe6+
Bd6 22. Qd5+ Kd7 23. Rc1 Rc8 24. Qc6+ Ke7 25. Qxa6 Rg8 26. Rc6 Ra8 27. Qc4 Rc8
28. Bb4 Rh8 29. Bxd6+ cxd6 30. Kf3 Qd7 31. Rxc8 Rxc8 32. Qb4 Ra8 33. g4 Qc7 34.
Kg3 Qc6 35. h4 gxh4+ 36. Kxh4 Rh8+ 37. Kg3 Qc8 38. f4 Rg8 39. Qxa3 Qxg4+ 40. Kf2
Qg2+ 41. Ke1 Qg1+ 42. Ke2 Rg2+ 43. Kf3 Qf2# 0-1

[Event "AUTO-INT-3906"]
[Site "http://www.queenalice.com/game.php?id=1849298"]
[Date "2024.12.23"]
[Round "1"]
[White "eloy"]
[Black "dosoldini"]
[Result "1-0"]
[WhiteElo "1704"]
[BlackElo "1499"]

1. e4 e5 2. Nf3 Nc6 3. Bc4 Nf6 4. Nc3 h6 5. h3 d6 6. d4 a6 7. d5 Nd4 8. Nxd4
exd4 9. Ne2 c5 10. dxc6 b5 11. Bd5 Nxd5 12. exd5 Qc7 13. Qxd4 a5 14. Nc3 Ba6 15.
O-O O-O-O 16. Qd3 Be7 17. Nxb5 Bxb5 18. Qxb5 Qb8 19. Qxb8+ Kxb8 20. a3 Kc7 21.
Be3 Bf6 22. Rab1 Rb8 23. Bc1 Rb5 24. c4 Rb3 25. Re1 Bg5 26. Bxg5 Kb6 27. Be3+
Kc7 28. c5 Re8 29. Bf4 Rxe1+ 30. Rxe1 1-0

[Event "AUTO-INT-3906"]
[Site "http://www.queenalice.com/game.php?id=1849299"]
[Date "2024.12.23"]
[Round "1"]
[White "dosoldini"]
[Black "eloy"]
[Result "0-1"]
[WhiteElo "1501"]
[BlackElo "1696"]

1. e4 e5 2. Nc3 Nf6 3. Nf3 Nc6 4. h3 Bc5 5. Bc4 a6 6. Ng5 O-O 7. O-O h6 8. Nf3
d6 9. d3 Be6 10. Bxe6 fxe6 11. a3 Nh5 12. Qe1 Ng3 13. Bg5 hxg5 14. Qc1 Nd4 15.
Nxd4 Bxd4 16. Ne2 Nxe2+ 17. Kh2 Nxc1 18. Raxc1 Bxb2 0-1

[Event "AUTO-INT-3906"]
[Site "http://www.queenalice.com/game.php?id=1849300"]
[Date "2024.12.23"]
[Round "1"]
[White "eloy"]
[Black "Castling"]
[Result "0-1"]
[WhiteElo "1704"]
[BlackElo "1696"]

1. e4 e5 2. Nf3 d6 3. Bc4 h6 4. Nc3 a6 5. d3 Nc6 6. h3 Qe7 7. Be3 Be6 8. Bxe6
Qxe6 9. Nd5 O-O-O 10. c3 Nf6 11. Nxf6 Qxf6 12. a4 Be7 13. b4 d5 14. Qb3 d4 15.
Bd2 Rd6 16. b5 dxc3 17. bxa6 cxd2+ 18. Nxd2 bxa6 19. Nf3 Kd7 20. O-O Rb8 21. Qc4
Rb4 22. Qc3 a5 23. Rab1 Re6 24. Rxb4 Bxb4 25. Qb3 Nd4 26. Qd5+ Rd6 27. Nxe5+ Ke8
28. Qa8+ Rd8 29. f4 Rxa8 30. Ng4 Ne2+ 31. Kh2 Qd6 32. e5 Qxd3 33. Rf3 Qf5 34.
Ne3 Qd7 35. Nf1 Qxa4 36. Ne3 Qa1 37. Nf1 Rd8 0-1

[Event "AUTO-INT-3906"]
[Site "http://www.queenalice.com/game.php?id=1849301"]
[Date "2024.12.23"]
[Round "1"]
[White "Castling"]
[Black "eloy"]
[Result "1-0"]
[WhiteElo "1591"]
[BlackElo "1686"]

1. e4 e5 2. Bc4 c6 3. Nf3 f6 4. Nc3 a6 5. a3 Nh6 6. h3 b5 7. Ba2 a5 8. d3 Bc5 9.
Be3 Bxe3 10. fxe3 d6 11. Qd2 Na6 12. O-O-O a4 13. Rhf1 b4 14. Nxa4 Qa5 15. b3 c5
16. d4 Bd7 17. Nh4 Bxa4 18. bxa4 Qxa4 19. c4 Qxa3+ 20. Qb2 Qxb2+ 21. Kxb2 O-O
22. Kb3 Rfe8 23. Nf5 Nxf5 24. Rxf5 Nc7 25. Ra1 Ra3+ 26. Kb2 cxd4 27. exd4 exd4
28. c5+ d5 29. Bxd5+ Ne6 30. c6 h6 31. Rxa3 bxa3+ 32. Kxa3 Kh8 33. Bxe6 Rxe6 34.
c7 Rc6 35. Rd5 Rxc7 36. Rxd4 Rc3+ 37. Kb4 Rg3 38. Rd2 Rg5 39. Kc4 Re5 40. Rd4
Rg5 41. g4 h5 42. gxh5 Rxh5 43. Rd8+ Kh7 44. Rd3 Rh4 45. Kd4 Kg6 46. Rg3+ Kh6
47. Kd5 Rh5+ 48. Ke6 Re5+ 49. Kf7 Rg5 50. Rg4 Re5 51. Rxg7 Re7+ 52. Kxe7 Kxg7
53. Ke6 Kg6 54. h4 Kg7 55. Kf5 Kf7 56. h5 Kg7 57. h6+ Kxh6 58. Kxf6 Kh7 59. Kf7
1-0

[Event "AUTO-INT-3914"]
[Site "http://www.queenalice.com/game.php?id=1851580"]
[Date "2025.2.4"]
[Round "1"]
[White "eloy"]
[Black "dosoldini"]
[Result "1-0"]
[WhiteElo "1704"]
[BlackElo "1542"]

1. e4 e5 2. Nf3 d5 3. exd5 Qxd5 4. Nc3 Bd7 5. h3 Qe6 6. b3 c5 7. Bc4 Qg6 8. O-O
Bxh3 9. Nh4 Bg4 10. Nxg6 Bxd1 11. Nxh8 Bxc2 12. d3 Nf6 13. Nxf7 Ke7 14. Nxe5
Nbd7 15. Nxd7 Kxd7 16. Bg5 h6 17. Bxf6 gxf6 18. Rac1 1-0

[Event "AUTO-INT-3914"]
[Site "http://www.queenalice.com/game.php?id=1851581"]
[Date "2025.2.4"]
[Round "1"]
[White "dosoldini"]
[Black "eloy"]
[Result "1-0"]
[WhiteElo "1552"]
[BlackElo "1692"]

1. e4 e5 2. Nf3 Nc6 3. Bc4 h6 4. a3 Nf6 5. Bd3 Bc5 6. b4 Ng4 7. bxc5 O-O 8. h3
Nf6 9. Nc3 b6 10. O-O a6 11. Nh2 bxc5 12. Bc4 d6 13. Nf3 a5 14. Bb2 Nh5 15. Bd5
Bb7 16. Ne2 Nf4 17. Nxf4 exf4 18. Qe2 Ra7 19. Qb5 Qe8 20. Nh4 Qb8 21. Nf5 Ra6
22. Bxg7 Re8 23. Qb3 Kh7 24. Qf3 1-0

[Event "AUTO-INT-3914"]
[Site "http://www.queenalice.com/game.php?id=1851582"]
[Date "2025.2.4"]
[Round "1"]
[White "eloy"]
[Black "Quique68"]
[Result "0-1"]
[WhiteElo "1670"]
[BlackElo "1873"]

1. e4 e5 2. Nf3 Nf6 3. Nc3 Nc6 4. Bc4 Bc5 5. Ng5 O-O 6. Nd5 Nxd5 7. d3 Nf6 8.
Nxf7 Rxf7 9. Bxf7+ Kxf7 10. c3 d6 11. h3 Be6 12. Bg5 Ne7 13. Qf3 Ng6 14. Bxf6
Qxf6 15. Qxf6+ Kxf6 16. O-O Ke7 17. b4 Bb6 18. a4 a6 19. a5 Ba7 20. Rab1 Nf4 21.
d4 Ne2+ 22. Kh1 Nxc3 23. Rbc1 Bxd4 24. Rc2 c6 25. f3 Rf8 26. Kh2 Nxe4 27. Re1
Nf6 28. g4 Nd5 29. Rb1 Rxf3 30. Kg2 Rf4 31. b5 Ne3+ 0-1

[Event "AUTO-INT-3914"]
[Site "http://www.queenalice.com/game.php?id=1851583"]
[Date "2025.2.4"]
[Round "1"]
[White "Quique68"]
[Black "eloy"]
[Result "1-0"]
[WhiteElo "1852"]
[BlackElo "1724"]

1. d4 d5 2. c4 Be6 3. cxd5 Bxd5 4. Nc3 Nf6 5. Nxd5 Nxd5 6. e4 Nf6 7. e5 Nd5 8.
Nf3 f6 9. Bc4 e6 10. O-O c6 11. Nh4 b5 12. Bxd5 cxd5 13. Qh5+ Ke7 14. exf6+ Kd7
15. Qf7+ Be7 16. Qxe7+ Qxe7 17. fxe7 Kxe7 18. Nf3 h6 19. Ne5 Nd7 20. Ng6+ Kf7
21. Nxh8+ Rxh8 22. Bd2 1-0

[Event "AUTO-INT-3915"]
[Site "http://www.queenalice.com/game.php?id=1851760"]
[Date "2025.2.8"]
[Round "1"]
[White "tche_elvio"]
[Black "eloy"]
[Result "0-1"]
[WhiteElo "1509"]
[BlackElo "1625"]

1. d4 d5 2. c4 Nf6 3. c5 Nc6 4. e3 Bf5 5. Be2 e6 6. h3 a6 7. Nf3 h6 8. O-O Nb4
9. Qa4+ Nc6 10. Nc3 Be7 11. b4 O-O 12. Qb3 b5 13. cxb6 cxb6 14. a3 Ne4 15. Nxe4
dxe4 16. Ne5 Nxe5 17. dxe5 Bc5 18. bxc5 bxc5 19. Bc4 Qg5 20. Bd2 Bxh3 21. g3
Bxf1 22. Bxf1 Qxe5 23. Bc3 Qd5 24. Qxd5 exd5 25. a4 c4 26. Bd4 Rab8 27. Be2 f6
28. Kg2 h5 29. Bxh5 Kh7 30. Ra2 Rb1 31. Ra1 Rxa1 32. Bxa1 Kh6 33. g4 Rc8 34. Bc3
g6 35. Bxg6 Kxg6 36. f3 Rb8 37. fxe4 dxe4 38. Kg3 Rb3 39. Bd4 c3 0-1

[Event "AUTO-INT-3915"]
[Site "http://www.queenalice.com/game.php?id=1851761"]
[Date "2025.2.8"]
[Round "1"]
[White "eloy"]
[Black "tche_elvio"]
[Result "0-1"]
[WhiteElo "1649"]
[BlackElo "1458"]

1. e4 c5 2. Nf3 Nc6 3. Bc4 e6 4. Nc3 d6 5. h3 g6 6. d3 Bg7 7. a3 Nge7 8. O-O O-O
9. Bg5 a6 10. d4 Qc7 11. d5 h6 12. Bf4 exd5 13. exd5 Na5 14. Bb3 Nxb3 15. cxb3
Be5 16. Bxh6 Re8 17. Nxe5 dxe5 18. Ne4 Bxh3 19. Nf6+ Kh8 20. Nxe8 Rxe8 21. gxh3
Rd8 22. Bg5 Rxd5 23. Bf6+ Kg8 24. Qc1 Qd6 25. Bxe7 Qxe7 26. Qc4 Rd4 27. Qc3 b5
28. b4 cxb4 29. Qc8+ Kg7 30. Qxa6 bxa3 31. Rxa3 Rb4 32. b3 Qg5+ 33. Kh2 Qf4+ 34.
Kg1 Qg5+ 35. Kh2 Qf4+ 0-1

[Event "AUTO-INT-3915"]
[Site "http://www.queenalice.com/game.php?id=1851776"]
[Date "2025.2.8"]
[Round "1"]
[White "eloy"]
[Black "Carlos19"]
[Result "0-1"]
[WhiteElo "1662"]
[BlackElo "1643"]

1. e4 e5 2. Nf3 Nc6 3. Bc4 h6 4. Nc3 Nf6 5. d4 exd4 6. Nxd4 Bb4 7. Bd2 Nxd4 8.
a3 Bxc3 9. Bxc3 c5 10. f3 Nxc2+ 11. Qxc2 a6 12. O-O O-O 13. e5 Ne8 14. Bd2 b5
15. Bd5 Ra7 16. Qxc5 Rc7 17. Qb4 Bb7 18. Bxb7 Rxb7 19. a4 Qb6+ 20. Kh1 bxa4 21.
Rxa4 Nc7 22. Qg4 g5 23. Bxg5 f5 24. Qg3 Qg6 25. b4 Qxg5 26. Qf2 f4 27. Qd4 Rb5
28. Qc4+ Rf7 29. Qxc7 Qf5 30. Rxa6 Qd3 31. Rxh6 Qxf1# 0-1

[Event "AUTO-INT-3916"]
[Site "http://www.queenalice.com/game.php?id=1852020"]
[Date "2025.2.12"]
[Round "1"]
[White "renet54"]
[Black "eloy"]
[Result "0-1"]
[WhiteElo "1564"]
[BlackElo "1714"]

1. e4 e5 2. Nf3 Nc6 3. Bb5 Bd6 4. c4 a6 5. Ba4 Nf6 6. Nc3 Bc5 7. O-O d6 8. Bc2
Bg4 9. d3 Nd4 10. Bg5 h6 11. Nd5 hxg5 12. Nxf6+ Qxf6 13. h3 Bxf3 14. Qd2 g4 15.
hxg4 Ne2+ 0-1

[Event "AUTO-INT-3916"]
[Site "http://www.queenalice.com/game.php?id=1852021"]
[Date "2025.2.12"]
[Round "1"]
[White "eloy"]
[Black "renet54"]
[Result "1-0"]
[WhiteElo "1642"]
[BlackElo "1548"]

1. e4 e5 2. Nf3 Nc6 3. Bc4 Bc5 4. c3 d6 5. d3 Bg4 6. h3 Bh5 7. g4 Bg6 8. Ng5 Nf6
9. Nf3 O-O 10. Bg5 Qe7 11. Nbd2 Rae8 12. Qc2 Na5 13. b4 Nxc4 14. bxc5 Na3 15.
Qa4 dxc5 16. Qxa3 b6 17. Qb2 h6 18. Bxf6 Qxf6 19. O-O-O Re6 20. Rhg1 Rd8 21. Qc2
Red6 22. h4 Rxd3 23. g5 hxg5 24. Nxg5 Qxf2 25. Rgf1 Qxh4 26. Ngf3 1-0

[Event "AUTO-INT-3919"]
[Site "http://www.queenalice.com/game.php?id=1853143"]
[Date "2025.3.2"]
[Round "1"]
[White "game"]
[Black "eloy"]
[Result "1-0"]
[WhiteElo "1470"]
[BlackElo "1671"]

1. e4 e5 2. Nf3 Nc6 3. d4 Bd6 4. d5 Na5 5. Ng5 h6 6. Nf3 Nf6 7. Bb5 Nxe4 8. Qe2
Nc5 9. Be3 a6 10. Bd3 e4 11. Bd4 O-O 12. Bxe4 b6 13. b4 Nab7 14. bxc5 bxc5 15.
Be3 a5 16. c4 Qe8 17. Bc2 c6 18. Qd3 Be5 19. Nc3 Nd6 20. Qh7# 1-0

[Event "AUTO-INT-3920"]
[Site "http://www.queenalice.com/game.php?id=1853275"]
[Date "2025.3.4"]
[Round "1"]
[White "Carlos19"]
[Black "eloy"]
[Result "1-0"]
[WhiteElo "1633"]
[BlackElo "1636"]

1. e4 e5 2. Nf3 Nc6 3. Bc4 h6 4. Nc3 Nf6 5. Nd5 Bc5 6. h3 Nxe4 7. d4 Nxd4 8. Be3
Nxf3+ 9. Qxf3 Ng5 10. Qg3 c6 11. Qxe5+ Be7 12. Qxg7 Rf8 13. Qxh6 cxd5 14. Bxd5
Qa5+ 15. c3 Qxd5 16. Kf1 Qb5+ 17. Kg1 Qxb2 18. Kh2 Qb5 19. f4 Ne4 20. Rac1 d5
21. Rc2 Bf5 22. Rcc1 Qd3 23. Rhe1 Nxc3 24. a3 Bxa3 25. Ra1 Bb2 26. Bc5+ Kd7 27.
Qd6+ 1-0